000 00586nam a22001937a 4500
003 UA-OsUOA
001 10284
007 ta
008 20050117b un ||||| |||| 00| 0 ukr d
942 _cSA
040 _aUA-OsUOA
_bukr
_cUA-OsUOA
_dUA-OsUOA
245 _aТипові форми НА-1, НА-2, НА-3, НА-4, затв. наказом від 22.11.2004р. №732
300 _aС.8-15
955 _a0
041 _aukr
044 _aUA
773 0 _w0
_tБухгалтерський облік і аудит
_dК.
_d2004
_gN12
650 7 _aБухгалтерський облік
_2UDC
999 _c296445
_d296445